Lobos.

Na minha lista:
Detalhes bibliográficos
Autor principal: Gravett, Emily (autor)
Formato: Livro
Idioma:espanhol
Colecção:(Castillo de la lectura)
(Nuevo encuéntralo en tu biblioteca)
Assuntos:
Tags: Adicionar Tag
Sem tags, seja o primeiro a adicionar uma tag!

MARC

LEADER 00000nam^a2200000^u^4500
001 000510829
005 20250521000000.0
008 071018s1000^^^^^^^^^^^^r^^^^^000^0^spa^d
009 20260310130135.405
022 |a 9789702013068 
035 |a FCE 000055039 
037 |a Acervo ITESO - Biblioteca 
041 |a spa 
082 0 4 |a 599.74442  |b GRAl 
100 |a Gravett, Emily  |e (autor) 
245 1 0 |a Lobos. 
264 |a México :  |b Castillo,  |c 2008. 
300 |a [34 p.] :  |b il. col. 
336 |a texto  |b txt  |2 rdacontenido 
337 |a sin mediación  |b n  |2 rdamedio 
338 |a volumen  |b nc  |2 rdasoporte 
440 1 |a (Castillo de la lectura) 
440 1 |a (Nuevo encuéntralo en tu biblioteca) 
596 |a Traducción de: wolves. 
649 |a XX 
650 |a Fábulas 
650 |a Lobos 
650 |a Vida salvaje 
910 |a Fondo Centro de Estudios Educativos 
920 |a Impresos - Libros 
930 |a Fondos Especiales 
905 |a 133 
901 |a ALE008497  |b IT2  |c CEE  |u 20250521 
902 |a https://opac.biblio.iteso.mx/vufind/Record/000510829